Visa-free access for Netherlands passport holders - Statistics

General Stats
  • This quiz has been taken 63 times
  • The average score is 126 of 155
Answer Stats
Countries % Correct
Finland
96%
Ireland
96%
Norway
96%
Sweden
96%
United Kingdom
96%
Albania
94%
Canada
94%
Estonia
94%
Latvia
94%
Lithuania
94%
Luxembourg
94%
Portugal
94%
Spain
94%
United States
94%
Andorra
92%
Belgium
92%
Denmark
92%
Greece
92%
Indonesia
92%
Japan
92%
Monaco
92%
Morocco
92%
Poland
92%
South Africa
92%
Thailand
92%
Australia
90%
France
90%
Germany
90%
Mexico
90%
New Zealand
90%
San Marino
90%
Slovakia
90%
Slovenia
90%
Switzerland
90%
Vatican City
90%
Argentina
88%
Austria
88%
Belize
88%
Bosnia and Herzegovina
88%
Brazil
88%
Czech Republic
88%
Egypt
88%
Hungary
88%
Israel
88%
Italy
88%
Liechtenstein
88%
Serbia
88%
Suriname
88%
Turkey
88%
Ukraine
88%
Iceland
86%
Peru
86%
Romania
86%
South Korea
86%
Bulgaria
84%
Chile
84%
Colombia
84%
Croatia
84%
Georgia
84%
Kosovo
84%
Malta
84%
Panama
84%
Paraguay
84%
Saint Kitts and Nevis
84%
Taiwan
84%
Tunisia
84%
Uruguay
84%
Armenia
82%
Belarus
82%
Costa Rica
82%
Guyana
82%
Haiti
82%
Iran
82%
Kazakhstan
82%
Macedonia
82%
Montenegro
82%
Nepal
82%
Qatar
82%
Saint Vincent and the Grenadines
82%
Trinidad and Tobago
82%
Antigua and Barbuda
80%
Bahamas
80%
Bolivia
80%
El Salvador
80%
Honduras
80%
Laos
80%
Lesotho
80%
Mauritius
80%
Moldova
80%
Nicaragua
80%
Oman
80%
Saint Lucia
80%
Singapore
80%
Togo
80%
United Arab Emirates
80%
Venezuela
80%
Ecuador
78%
Federated States of Micronesia
78%
Guatemala
78%
Jamaica
78%
Kyrgyzstan
78%
Lebanon
78%
Malaysia
78%
Samoa
78%
Tanzania
78%
Barbados
76%
Cyprus
76%
Dominica
76%
Dominican Republic
76%
Ethiopia
76%
Fiji
76%
Jordan
76%
Kenya
76%
Kiribati
76%
Marshall Islands
76%
Namibia
76%
Senegal
76%
Swaziland
76%
Vanuatu
76%
Zimbabwe
76%
Bahrain
73%
East Timor
73%
Gambia
73%
Mauritania
73%
Palau
73%
Philippines
73%
Rwanda
73%
Solomon Islands
73%
Tuvalu
73%
Bangladesh
71%
Brunei
71%
Cape Verde
71%
Kuwait
71%
Malawi
71%
Maldives
71%
Mozambique
71%
Sao Tome and Principe
71%
Somalia
71%
Tajikistan
71%
Tonga
71%
Zambia
71%
Botswana
69%
Cambodia
69%
Djibouti
69%
Grenada
69%
Papua New Guinea
69%
Sri Lanka
69%
Benin
67%
Gabon
65%
Madagascar
65%
Seychelles
65%
Uganda
63%
Burkina Faso
61%
Comoros
61%
Guinea-Bissau
61%
No matching quizzes found
Score Distribution
Percent of People with Each Score
Percentile by Number Answered
Your Score History
You have not taken this quiz